Great American Songbook Quiz - Statistics

General Stats
  • This quiz has been taken 32 times
  • The average score is 10 of 15
Answer Stats
Year Composer Lyricist Answer % Correct
1934 Richard Rodgers Lorenz Hart Blue {Moon|Room}
100%
1954 Bart Howard Bart Howard Fly Me to the {Moon}
100%
1961 Henry Mancini Johnny Mercer {Moon} River
100%
1936 Cole Porter Cole Porter I've Got You Under My {Skin}
96%
1939 Arthur Altman Jack Lawrence All or {Nothing} at All
88%
1949 Jule Styne Leo Robin {Diamonds} Are a Girl's Best Friend
88%
1959 Richard Rodgers Oscar Hammerstein II The Sound of {Music}
88%
1963 Jimmy van Heusen Sammy Cahn Ain't That a {Kick} in the Head
85%
1959 Richard Rodgers Oscar Hammerstein II My {Favorite} Things
77%
1941 Harry Warren Mack Gordon {Chattanooga} Choo Choo
73%
1944 Leonard Bernstein Betty Comden, Adolph Green New {York}, New {York}
42%
1924 George Gershwin Ira Gershwin {Fascinating} Rhythm
35%
1926 Irving Berlin Irving Berlin Blue {Skies}
19%
1953 Duke Ellington Johnny Mercer {Satin} Doll
19%
1922 Walter Donaldson Gus Kahn {Carolina} in the Morning
4%
No matching quizzes found
Score Distribution
Percent of People with Each Score
Percentile by Number Answered
Your Score History
You have not taken this quiz